Titus : (Record no. 59896)
[ view plain ]
| 000 -LEADER | |
|---|---|
| fixed length control field | 00481nam a2200157 4500 |
| 005 - DATE AND TIME OF LATEST TRANSACTION | |
| control field | 20250930154235.0 |
| 008 - FIXED-LENGTH DATA ELEMENTS--GENERAL INFORMATION | |
| fixed length control field | 250930b |||||||| |||| 00| 0 eng d |
| 020 ## - INTERNATIONAL STANDARD BOOK NUMBER | |
| International Standard Book Number | 9780877888130 |
| 050 ## - LIBRARY OF CONGRESS CALL NUMBER | |
| Classification number | BS2755.2 |
| Item number | .B75 1994 |
| 100 ## - MAIN ENTRY--PERSONAL NAME | |
| Personal name | Briscoe, D. Stuart. |
| 245 ## - TITLE STATEMENT | |
| Title | Titus : |
| Remainder of title | living as God's very own people |
| 300 ## - PHYSICAL DESCRIPTION | |
| Extent | viii, 128 p. ; |
| Dimensions | 21 cm. |
| 500 ## - GENERAL NOTE | |
| General note | Includes bibliographical references. |
| 630 ## - SUBJECT ADDED ENTRY--UNIFORM TITLE | |
| Source of heading or term | Bible, Titus |
| General subdivision | Criticism, interpretation, etc. |
| 942 ## - ADDED ENTRY ELEMENTS (KOHA) | |
| Source of classification or shelving scheme | Library of Congress Classification |
| Item type | Book |
| Withdrawn status | Lost status | Source of classification or shelving scheme | Damaged status | Not for loan | Collection code | Home library | Current library | Shelving location | Date acquired | Source of acquisition | Total Checkouts | Full call number | Barcode | Date last seen | Copy number | Price effective from | Koha item type |
|---|---|---|---|---|---|---|---|---|---|---|---|---|---|---|---|---|---|
| Library of Congress Classification | Not For Loan | Non-fiction | Bishop Okullu Memorial Library (Limuru Campus) | Bishop Okullu Memorial Library (Limuru Campus) | Processing Center | 30/09/2025 | donation | BS2755.2 .B75 1994 | 072602 | 30/09/2025 | 1 | 30/09/2025 | Book |